000 00444nam a2200205Ia 4500
001 13330
003 GE_BSU
008 181216s||||||||xx |||||||||||||| ||und||
020 _a0099642611
040 _cGE_BSU
080 _a821.111-312.4
100 _aPatterson,North Richard.
245 _aSilent Witness.
260 _aLondon.
260 _bArrow.
260 _c1996
300 _a567p;18cm.
653 _aSilent Witness.
942 _cBK
999 _c46491
_d46491